000 02758ncm0a2200433 4500
001 RU\NLR\ONIZ\296779
005 20260215045231.0
035 _a(NLR Aleph) 022722322
071 2 0 _a1822
090 _a13550490
_c13550490
100 _a20221106d1892 u y0rusy50 ca
101 0 _arus
102 _aRU
125 _aa|
128 _armc
145 0 _ac
200 1 _aГде твое личико смуглое?
_bНоты
_eроманс
_e[для голоса с фортепиано]
_fмузыка П. Щуровскаго
_gслова Некрасова
203 _aМузыка
_bзнаковая
_bвизуальная
_cнепосредственная
210 _aС. Петербург
_cА. Иогансен
_aМосква
_cА. Гутхейль
_dценз. 1892
215 _a5 с
_cил.
_d33 см
300 _aНа тит. л. и перед нот. текстом: Посвящается Софье Ноколаевне Журавской
313 _aСистематизация документа проведена по изданию - Методика классифицирования музыкальных произведений (нотных изданий) по таблицам Библиотечно-библиографических классификаций : метод. рекомендации / Гос. б-ка СССР им. В.И. Ленина.- М., 1977. Индексу ББК методических рекомендаций присваивается код ББК для научных библиотек - LBC/SL
604 _1700#1$aНекрасов$bН. А.$gНиколай Алексеевич$f1821-1877
_150010$aГде твое личико смуглое?$xМузыкальные интерпретации$jНоты
606 1 _aВокальная музыка русская
_z19 в.
_jНоты
_2nlr_sh
606 1 _aМузыкальные произведения для голоса с фортепиано
_yРоссия
_z19 в.
_jНоты
_2nlr_sh
606 1 _aРомансы для голоса с фортепиано
_yРоссия
_z19 в.
_jНоты
_2nlr_sh
686 0 _aЩ943.4-42-043.3(28)
700 1 _9z01790
_aЩуровский
_bП. А.
_f1850-1908
_gПетр Андреевич
_4230
_7ca
702 1 _9z02790
_aНекрасов
_bН. А.
_f1821-1877
_gНиколай Алексеевич
_4520
_7ca
790 1 _9z01700
_aŠčurovskij
_bP. A.
_f1850-1908
_gPetr Andreevič
_4230
_7ba
790 1 _9z02702
_aNekrasov
_bN. A.
_f1821-1877
_gNikolaj Alekseevič
_4520
_7ba
801 0 _aRU
_bNLR
_c20221106
_gPSBO
801 1 _aRU
_bNLR
_c20221106
_2rusmarc
801 2 _aRU
_bNLR
_c20260205
852 _aNLR
_gМ
_jК-4/5590
_m269299
_t1
942 _cSCORE
980 _aONIZ
980 _aNB